| 000 | 00643nam a2200181 a 4500 | ||
|---|---|---|---|
| 008 | 120416s1989 ||||||||||||||||| || u | ||
| 020 | _a0408038373 | ||
| 050 | _aQD 181.C1 Int | ||
| 100 | _aMarsh, Harry | ||
| 245 | 1 | 0 |
_aIntroduction to carbon science _cedited by Harry Marsh |
| 260 |
_aLondon _bButterworths _c1989 |
||
| 300 | _axxv, 321p. : ill. | ||
| 350 | _a0.00 | ||
| 500 | _aBibliography | ||
| 650 | _aCARBON | ||
| 650 | 0 | _aCHEMISTRY--HANDBOOKS, MANUALS, ETC | |
| 995 |
_D0.00 _FCBU-MAIN LIBRARY (Kitwe) _H1 _I8.90 _M1 _UAVAILABLE _WMar 15, 2007 _ZMain Library Open Access Collection |
||
| 999 |
_c47646 _d47646 |
||